THE MONUMENTS OF THE HELLENISTIC - ROMAN PERIOD FROM EGYPT: APIS 1 / (Record no. 10845)
[ view plain ]
| 000 -الفاتح | |
|---|---|
| حقل البيانات ثابتة الطول | 00505nam a2200193Ia 4500 |
| 040 ## - مصدر الفهرسة | |
| وكالة الفهرسة الأصلية | GCL / |
| وكالة النسخ | GCL |
| 082 04 - رقم تصنيف ديوى العشرى | |
| رقم التصنيف | CC |
| رقم المادة | 932 |
| -- | S M |
| 100 1# - المدخل الرئيسى - إسم شخصى | |
| الإسم الشخصى | SIBBES, G.J.F. KATER |
| 245 10 - بيان العنوان | |
| العنوان | THE MONUMENTS OF THE HELLENISTIC - ROMAN PERIOD FROM EGYPT: APIS 1 / |
| بيان المسئوليه,etc | SIBBES, G.J.F. KATER |
| 700 1# - المدخل الاضافى - اسم شخصى | |
| الإسم الشخصى | VERMOSEREN, M. J. |
| 260 ## - PUBLICATION, DISTRIBUTION, ETC. (IMPRINT) | |
| تاريخ النشر أو التوزيع | 1975 |
| 300 ## - الوصف المادى | |
| التعداد | 65 P |
| 650 04 - المدخل الاضافى بالموضوع-مصطلح موضوعى | |
| مصطلح موضوعي | APIS |
| 650 04 - المدخل الاضافى بالموضوع-مصطلح موضوعى | |
| مصطلح موضوعي | ANCIENT EGYPT |
| 650 04 - المدخل الاضافى بالموضوع-مصطلح موضوعى | |
| مصطلح موضوعي | EGYPTOLOGY |
| 650 04 - المدخل الاضافى بالموضوع-مصطلح موضوعى | |
| مصطلح موضوعي | PREHISTORY |
| 942 ## - عناصر المدخل الإضافي( كوها) | |
| مصدر التصنيف او مخطط الترفيف | Dewey Decimal Classification |
| Koha [default] item type | كتاب |
| 260 ## - PUBLICATION, DISTRIBUTION, ETC. (IMPRINT) | |
| -- | [S.N] : |
| -- | E. J. BRILL ، |
| حالة التراجع | حالة الفقد | حالة تلف | ليس للاعارة | المكان المؤقت | الموقع الحالى | تاريخ الاكتساب | اجمالي اﻻعارات | رقم الطلب | الباركود | تاريخ اخر مشاهدة | تاريخ تفعيل السعر | نوع وعاء كوها |
|---|---|---|---|---|---|---|---|---|---|---|---|---|
| مكتبة القاهرة الكبرى | مكتبة القاهرة الكبرى | 03/26/2014 | CC\932\S M | 21760 | 03/26/2014 | 03/26/2014 | كتاب | |||||
| مكتبة القاهرة الكبرى | مكتبة القاهرة الكبرى | 03/26/2014 | CC\932\S M | 21761 | 03/26/2014 | 03/26/2014 | كتاب | |||||
| مكتبة القاهرة الكبرى | مكتبة القاهرة الكبرى | 03/26/2014 | CC\932\S M | 21762 | 03/26/2014 | 03/26/2014 | كتاب |

